[Event "Fagernes Autumn op"]
[Site "Fagernes"]
[Date "2023.10.15"]
[Round "9"]
[White "Krithigga, K."]
[Black "Stromhaug, Kristoffer Wang"]
[Result "1/2-1/2"]
[WhiteElo "1989"]
[BlackElo "1946"]
[PlyCount "64"]
[EventDate "2023.10.08"]
[EventType "swiss"]
[EventRounds "9"]
[EventCountry "NOR"]
[SourceTitle "Mega2024 Update 01"]
[Source "Chessbase"]
[SourceDate "2023.11.12"]
[SourceVersion "1"]
[SourceVersionDate "2023.11.12"]
[SourceQuality "1"]

1. c4 e5 2. g3 Nf6 3. Bg2 d5 4. cxd5 Nxd5 5. Nc3 Nb6 6. b3 Nc6 7. Bb2 f6 8. Nf3 Be6 9. d3 Qd7 10. h4 0-0-0 11. Nd2 Be7 12. Nc4 Nd5 13. Qd2 Kb8 14. 0-0-0 Ndb4 15. Kb1 Rhg8 16. Ka1 f5 17. Qc1 g5 18. h5 g4 19. Bxc6 Nxc6 20. Nb1 Bg5 21. Nbd2 Bd5 22. Rhe1 Bxc4 23. Qxc4 Qe8 24. b4 Bxd2 25. Rxd2 Qxh5 26. b5 Nd4 27. Rc1 Rg7 28. Qc5 Qe8 29. Bxd4 Rxd4 30. e3 Rd8 31. a4 Qe7 32. Qc3 Qd6 1/2-1/2

[Event "Fagernes Autumn op"]
[Site "Fagernes"]
[Date "2023.10.14"]
[Round "8"]
[White "Gomez Aguirre, Juan Alberto"]
[Black "Krithigga, K."]
[Result "1/2-1/2"]
[WhiteElo "2065"]
[BlackElo "1989"]
[PlyCount "77"]
[EventDate "2023.10.08"]
[EventType "swiss"]
[EventRounds "9"]
[EventCountry "NOR"]
[SourceTitle "Mega2024 Update 01"]
[Source "Chessbase"]
[SourceDate "2023.11.12"]
[SourceVersion "1"]
[SourceVersionDate "2023.11.12"]
[SourceQuality "1"]

1. d4 d5 2. c4 e6 3. Nc3 Nf6 4. Nf3 Be7 5. Bf4 c6 6. e3 Nbd7 7. Bd3 0-0 8. cxd5 exd5 9. Qc2 Re8 10. 0-0 Nf8 11. Ne5 Nh5 12. Bg3 Nxg3 13. hxg3 Bd6 14. Nf3 Bg4 15. Bf5 Bxf3 16. gxf3 g6 17. Bh3 Ne6 18. Bxe6 fxe6 19. f4 Kg7 20. Kg2 h5 21. Rh1 Rh8 22. Qe2 Qf6 23. Rh3 Rh7 24. Rah1 Rah8 25. Kf1 Kf8 26. g4 h4 27. Rg1 Ke8 28. g5 Qf5 29. Qg4 Qxg4 30. Rxg4 b5 31. b3 a5 32. Ne2 a4 33. Ng1 axb3 34. axb3 Ra7 35. Nf3 Ra3 36. Rgxh4 Rxh4 37. Rxh4 Rxb3 38. Rh7 b4 39. Rb7 1/2-1/2

[Event "Fagernes Autumn op"]
[Site "Fagernes"]
[Date "2023.10.08"]
[Round "1"]
[White "Krithigga, K."]
[Black "Vagman, Roy"]
[Result "0-1"]
[WhiteElo "1989"]
[BlackElo "2294"]
[PlyCount "144"]
[EventDate "2023.10.08"]
[EventType "swiss"]
[EventRounds "9"]
[EventCountry "NOR"]
[SourceTitle "Mega2024 Update 01"]
[Source "Chessbase"]
[SourceDate "2023.11.12"]
[SourceVersion "1"]
[SourceVersionDate "2023.11.12"]
[SourceQuality "1"]

1. c4 d6 2. g3 e5 3. Bg2 f5 4. Nc3 Nf6 5. e3 Be7 6. Nge2 0-0 7. d4 c6 8. d5 c5 9. 0-0 Nbd7 10. f4 e4 11. a3 Qc7 12. Qc2 a6 13. b3 b5 14. a4 b4 15. Nd1 Qd8 16. Nf2 Qe8 17. h3 Qg6 18. Kh2 h5 19. h4 Ng4+ 20. Nxg4 hxg4 21. Rh1 a5 22. Kg1 Qh5 23. Kf2 Bb7 24. Bb2 Nb6 25. Qd1 Kf7 26. Ng1 Rh8 27. Ne2 Rh7 28. Qc2 Ke8 29. Rag1 Kd7 30. Qb1 Rah8 31. Qa1 Qf7 32. Rd1 Kc7 33. Rd2 Kb8 34. Rhd1 Nd7 35. Rh1 Nf8 36. Rdd1 Rg8 37. Rdg1 Rh5 38. Qd1 Rgh8 39. Qa1 R8h7 40. Qd1 Ng6 41. Qc1 Qf8 42. Qa1 Qh8 43. Ke1 Nf8 44. Kd2 Nd7 45. Kc2 Ba6 46. Qd1 Nb6 47. Kb1 Qg8 48. Ka2 Qf7 49. Ka1 Rh8 50. Kb1 Ka7 51. Ka1 Rb8 52. Nc1 Bf6 53. Bf1 Bxb2+ 54. Kxb2 Qf6+ 55. Kb1 Qc3 56. Rg2 Qxe3 57. Rhg1 Qc3 58. Qc2 Qf6 59. Qd2 Rhh8 60. Re2 Bxc4 61. bxc4 Nxc4 62. Qd1 b3 63. Nxb3 Qc3 64. Ka2 Rb4 65. Rgg2 Rxa4+ 66. Kb1 Na3+ 67. Ka2 Nc2+ 68. Kb1 Qxb3+ 69. Kc1 Ra1+ 70. Kd2 e3+ 71. Rxe3 Rxd1+ 72. Kxd1 Nxe3+ 0-1

[Event "Asia/Oceania Uni-ch (Women)"]
[Site "Tornelo INT"]
[Date "2022.12.20"]
[Round "9"]
[White "Lana, Haymoor"]
[Black "Krithigga, K."]
[Result "0-1"]
[WhiteElo "1268"]
[BlackElo "1889"]
[PlyCount "72"]
[EventDate "2022.12.18"]
[EventType "swiss (rapid)"]
[EventRounds "9"]
[EventCountry "NET"]
[SourceTitle "EXT 2024"]
[Source "ChessBase"]
[SourceDate "2023.10.10"]
[SourceVersion "1"]
[SourceVersionDate "2023.10.10"]
[SourceQuality "1"]

1. e4 c6 2. d4 d5 3. exd5 cxd5 4. c4 Nf6 5. Nf3 Nc6 6. Nc3 Bg4 7. Be3 e6 8. h3 Bxf3 9. Qxf3 Bb4 10. Be2 0-0 11. 0-0 dxc4 12. Rad1 Nd5 13. Bxc4 Nxc3 14. bxc3 Bxc3 15. Bh6 Bxd4 16. Qg4 Qf6 17. Bg5 Qg6 18. Bd3 f5 19. Qg3 e5 20. Bc4+ Kh8 21. h4 h6 22. Be3 Qxg3 23. fxg3 Bxe3+ 24. Kh2 f4 25. gxf4 exf4 26. Rd3 Ne5 27. Rb3 Nxc4 28. Rxb7 Nd2 29. Re1 f3 30. Rxe3 Nf1+ 31. Kh3 Nxe3 32. gxf3 Rxf3+ 33. Kh2 Raf8 34. a4 Rf2+ 35. Kg1 Rg2+ 36. Kh1 Rf1# 0-1

[Event "Asia/Oceania Uni-ch (Women)"]
[Site "Tornelo INT"]
[Date "2022.12.19"]
[Round "6"]
[White "Jayawardane, Dilmi Udaransi"]
[Black "Krithigga, K."]
[Result "0-1"]
[WhiteElo "1435"]
[BlackElo "1889"]
[PlyCount "66"]
[EventDate "2022.12.18"]
[EventType "swiss (rapid)"]
[EventRounds "9"]
[EventCountry "NET"]
[SourceTitle "EXT 2024"]
[Source "ChessBase"]
[SourceDate "2023.10.10"]
[SourceVersion "1"]
[SourceVersionDate "2023.10.10"]
[SourceQuality "1"]

1. Nf3 d5 2. g3 Nf6 3. Bg2 c5 4. d3 Nc6 5. 0-0 g6 6. Na3 Bg7 7. c4 d4 8. Bf4 Nh5 9. Qd2 Nxf4 10. Qxf4 e5 11. Qd2 0-0 12. Nc2 h6 13. a3 f5 14. Nh4 g5 15. Bd5+ Kh7 16. Ng2 Ne7 17. e4 dxe3 18. Ngxe3 Nxd5 19. Nxd5 f4 20. f3 Be6 21. Nc3 Bxc4 22. Rad1 Bb3 23. Ne4 Qb6 24. Kg2 Rad8 25. Qc3 Rd5 26. Rc1 Bxc2 27. Rxc2 Rfd8 28. Nxc5 e4 29. Qc4 exd3 30. Qe4+ Kh8 31. Nxd3 Rxd3 32. Rfc1 Re3 33. Qf5 Qf6 0-1

[Event "Budapes FS07 Nadassy"]
[Site "Budapest"]
[Date "2021.07.06"]
[Round "4.4"]
[White "Krithigga, K."]
[Black "Farago, Sandor"]
[Result "0-1"]
[WhiteElo "1885"]
[BlackElo "2126"]
[PlyCount "112"]
[EventDate "2021.07.03"]
[EventType "schev"]
[EventRounds "14"]
[EventCountry "HUN"]
[SourceTitle "EXT 2022"]
[Source "ChessBase"]
[SourceDate "2021.10.06"]
[SourceVersion "1"]
[SourceVersionDate "2021.10.06"]
[SourceQuality "1"]
[WhiteTeam "Team B"]
[BlackTeam "Team A"]
[WhiteTeamCountry "IND"]
[BlackTeamCountry "HUN"]

1. c4 c5 2. g3 Nc6 3. Bg2 b6 4. Nc3 Bb7 5. a3 Na5 6. Bxb7 Nxb7 7. Qc2 Nf6 8. Nf3 g6 9. 0-0 Bg7 10. d4 cxd4 11. Nxd4 Rc8 12. Qd3 Na5 13. b3 0-0 14. Rb1 d5 15. cxd5 Nxd5 16. Na2 Bxd4 17. Qxd4 Nc3 18. Qxc3 Rxc3 19. Nxc3 Qd4 20. Na2 Rc8 21. Be3 Qg4 22. Rfc1 Rxc1+ 23. Nxc1 h5 24. Rb2 h4 25. Rd2 h3 26. f3 Qe6 27. Rd3 f6 28. Kf2 g5 29. a4 Nc6 30. Rc3 Nb4 31. Rc4 Nd5 32. Bd2 Qd7 33. Nd3 a5 34. Rd4 Qc6 35. b4 axb4 36. Nxb4 Qc5 37. e3 Nc7 38. Nd3 Qc2 39. Ke2 Kf7 40. Nf2 Ne6 41. Rb4 Nc5 42. g4 Nxa4 43. Ke1 Nb2 44. Rd4 b5 45. f4 Qb1+ 46. Ke2 Qg1 47. fxg5 Qxh2 48. gxf6 e5 49. Rd7+ Kxf6 50. Rh7 Nd3 51. g5+ Kxg5 52. Rf7 e4 53. Kf1 Qg2+ 54. Ke2 Kg6 55. Rf8 Kg7 56. Rf3 b4 0-1

[Event "Dubai op 21st"]
[Site "Dubai"]
[Date "2019.04.01"]
[Round "1"]
[White "Krithigga, K."]
[Black "Sindarov, Javokhir"]
[Result "0-1"]
[WhiteElo "2002"]
[BlackElo "2505"]
[PlyCount "80"]
[EventDate "2019.04.01"]
[EventType "swiss"]
[EventRounds "9"]
[EventCountry "UAE"]
[SourceTitle "CBM 189 Extra"]
[Source "ChessBase"]
[SourceDate "2019.06.03"]
[SourceVersion "1"]
[SourceVersionDate "2019.06.03"]
[SourceQuality "1"]

1. c4 e5 2. g3 Nc6 3. Bg2 Bc5 4. Nc3 a6 5. Nf3 Ba7 6. d3 Nge7 7. Rb1 0-0 8. b4 d5 9. b5 axb5 10. cxb5 Na5 11. Ba3 Re8 12. 0-0 f6 13. Nd2 Be6 14. Na4 Nf5 15. Bb4 c6 16. bxc6 Nxc6 17. Bc5 Qa5 18. Bb6 Bxb6 19. Nxb6 Ra6 20. e4 dxe4 21. Nbc4 Qxa2 22. Bxe4 Re7 23. Qf3 Ncd4 24. Qg2 b5 25. Rb2 Qa4 26. Ne3 Ne2+ 27. Kh1 Nxe3 28. fxe3 Nc3 29. Bb7 Rxb7 30. Rc1 Rc7 31. Nb1 b4 32. Nxc3 bxc3 33. Rb8+ Kf7 34. Qf3 Qg4 35. Qg2 Ra2 36. Qf1 Bd5+ 37. e4 Bxe4+ 38. dxe4 Qxe4+ 39. Kg1 Qd4+ 40. Kh1 Qd2 0-1

[Event "Sharjah Masters 3rd"]
[Site "Sharjah"]
[Date "2019.03.25"]
[Round "4"]
[White "Darini, Pouria"]
[Black "Krithigga, K."]
[Result "1-0"]
[WhiteElo "2474"]
[BlackElo "2002"]
[PlyCount "77"]
[EventDate "2019.03.22"]
[EventType "swiss"]
[EventRounds "9"]
[EventCountry "UAE"]
[SourceTitle "CBM 189 Extra"]
[Source "ChessBase"]
[SourceDate "2019.06.03"]
[SourceVersion "1"]
[SourceVersionDate "2019.06.03"]
[SourceQuality "1"]

1. Nf3 d5 2. g3 Nf6 3. Bg2 c5 4. 0-0 Nc6 5. d4 e6 6. c4 dxc4 7. Na3 Be7 8. Nxc4 0-0 9. dxc5 Bxc5 10. Nfe5 Nxe5 11. Nxe5 Qe7 12. Qc2 Bd6 13. Nc4 Bc7 14. b3 Rd8 15. Ba3 Qe8 16. Rfd1 Nd5 17. e4 Nb6 18. Bd6 Bxd6 19. Nxd6 Qe7 20. e5 Nd5 21. Rac1 Bd7 22. Nxb7 Rdc8 23. Qd2 Rxc1 24. Rxc1 Qa3 25. Nd6 Rb8 26. h4 g6 27. h5 a5 28. Bxd5 exd5 29. Qf4 Be6 30. h6 f6 31. Rc7 Rf8 32. Re7 g5 33. Qd2 Bf7 34. Rxf7 Rxf7 35. Qxd5 Qc1+ 36. Kg2 Qc7 37. exf6 Qd7 38. Qxg5+ Kf8 39. Nxf7 1-0

[Event "Ho Chi Minh City HD Bank op 9th"]
[Site "Ho Chi Minh City"]
[Date "2019.03.10"]
[Round "5"]
[White "Krithigga, K."]
[Black "Mithil, Ajgaonkar"]
[Result "0-1"]
[WhiteElo "2002"]
[BlackElo "2332"]
[PlyCount "70"]
[EventDate "2019.03.07"]
[EventType "swiss"]
[EventRounds "9"]
[EventCountry "VIE"]
[SourceTitle "CBM 189 Extra"]
[Source "ChessBase"]
[SourceDate "2019.06.03"]
[SourceVersion "1"]
[SourceVersionDate "2019.06.03"]
[SourceQuality "1"]

1. c4 c6 2. g3 d5 3. Nf3 Nf6 4. Bg2 Bf5 5. b3 e6 6. Bb2 Be7 7. d3 h6 8. Nbd2 0-0 9. 0-0 a5 10. a3 Nbd7 11. Re1 Bh7 12. e4 Nc5 13. Ne5 dxe4 14. dxe4 Qb6 15. Qc2 Rfd8 16. h3 Rxd2 17. Qxd2 Nxb3 18. Qc3 Nxa1 19. Bxa1 a4 20. Ng4 Qb3 21. Qe5 Qxa3 22. Rd1 h5 23. Ne3 Qc5 24. Qc7 Nxe4 25. Rd7 Bd6 26. Rd8+ Rxd8 27. Qxd8+ Bf8 28. Bd4 Qd6 29. Qb6 c5 30. Qxd6 Bxd6 31. Ba1 b6 32. Kf1 Nd2+ 33. Ke2 Nb3 34. Bb2 Be7 35. Bc6 a3 0-1

[Event "Ho Chi Minh City HD Bank op 9th"]
[Site "Ho Chi Minh City"]
[Date "2019.03.09"]
[Round "4"]
[White "Tran, David"]
[Black "Krithigga, K."]
[Result "0-1"]
[WhiteElo "2126"]
[BlackElo "2002"]
[PlyCount "64"]
[EventDate "2019.03.07"]
[EventType "swiss"]
[EventRounds "9"]
[EventCountry "VIE"]
[SourceTitle "CBM 189 Extra"]
[Source "ChessBase"]
[SourceDate "2019.06.03"]
[SourceVersion "1"]
[SourceVersionDate "2019.06.03"]
[SourceQuality "1"]

1. e4 c6 2. Nc3 d5 3. Nf3 dxe4 4. Nxe4 Nf6 5. Nxf6+ gxf6 6. d4 Bg7 7. c3 Qc7 8. Bc4 e6 9. Be3 Nd7 10. g3 Nb6 11. Bd3 Nd5 12. Bd2 b6 13. Qe2 Bb7 14. 0-0-0 b5 15. Kb1 Qb6 16. Rhe1 0-0-0 17. h4 Kb8 18. h5 h6 19. Nh4 Ka8 20. f4 f5 21. Nf3 Rhe8 22. Bxf5 b4 23. Ka1 bxc3 24. bxc3 Qa5 25. Bb1 Ba6 26. Qe4 Bc4 27. Ne5 Bxe5 28. dxe5 Qa6 29. Rc1 Rb8 30. Red1 Qa3 31. Rc2 Rb6 32. Rdc1 Reb8 0-1

[Event "Ho Chi Minh City HD Bank op 9th"]
[Site "Ho Chi Minh City"]
[Date "2019.03.08"]
[Round "3"]
[White "Krithigga, K."]
[Black "Panopio, Rodolfo Jr"]
[Result "0-1"]
[WhiteElo "2002"]
[BlackElo "2207"]
[PlyCount "80"]
[EventDate "2019.03.07"]
[EventType "swiss"]
[EventRounds "9"]
[EventCountry "VIE"]
[SourceTitle "CBM 189 Extra"]
[Source "ChessBase"]
[SourceDate "2019.06.03"]
[SourceVersion "1"]
[SourceVersionDate "2019.06.03"]
[SourceQuality "1"]

1. c4 Nf6 2. g3 d5 3. Bg2 c6 4. Nf3 g6 5. 0-0 Bg7 6. cxd5 cxd5 7. d4 0-0 8. Nc3 Nc6 9. Ne5 e6 10. Bg5 h6 11. Bxf6 Bxf6 12. Nxc6 bxc6 13. Na4 Qd6 14. Qd2 Bg7 15. Rfc1 Rb8 16. Nc5 e5 17. e3 Re8 18. Rc3 Bg4 19. f3 Bf5 20. Rac1 Qe7 21. Nb3 Bd7 22. Bf1 h5 23. Rc5 h4 24. Kf2 Bf6 25. R1c2 Kg7 26. dxe5 Qxe5 27. f4 hxg3+ 28. hxg3 Qh5 29. Bg2 Qh2 30. Qd1 Rbd8 31. Qh1 Qxh1 32. Bxh1 Rxe3 33. Bf3 Bh3 34. Rxc6 Rxb3 35. Rxf6 Rxf3+ 36. Kxf3 Kxf6 37. g4 Bf1 38. Rc6+ Kg7 39. Rd6 Bd3 40. Kg3 Re8 0-1

[Event "Sharjah Masters 2nd"]
[Site "Sharjah"]
[Date "2018.04.14"]
[Round "3"]
[White "Krithigga, K."]
[Black "Srija, Seshadri"]
[Result "0-1"]
[WhiteElo "2003"]
[BlackElo "2264"]
[PlyCount "76"]
[EventDate "2018.04.12"]
[EventType "swiss"]
[EventRounds "9"]
[EventCountry "UAE"]
[SourceTitle "CBM 184 Extra"]
[Source "ChessBase"]
[SourceDate "2018.06.28"]
[SourceVersion "1"]
[SourceVersionDate "2018.06.28"]
[SourceQuality "1"]

1. c4 e5 2. g3 Nf6 3. Bg2 c6 4. Nf3 e4 5. Nd4 d5 6. cxd5 Qxd5 7. Nb3 Qh5 8. h3 a5 9. d3 Bb4+ 10. Bd2 e3 11. Bxb4 axb4 12. Qc1 exf2+ 13. Kxf2 Be6 14. Qe3 0-0 15. N1d2 Nbd7 16. Qf3 Qg6 17. Kg1 Rfe8 18. Kh2 Qh6 19. Rhe1 Ng4+ 20. Kg1 Ne3 21. Qf4 Qxf4 22. gxf4 Nc2 23. e4 Nxe1 24. Rxe1 Rxa2 25. Rb1 Rea8 26. Kf2 Bxb3 27. Nxb3 R8a3 28. Nd2 Rxd3 29. Ke2 Nc5 30. Bf1 Rd8 31. Ke3 Na4 32. Nc4 b5 33. Ne5 Nxb2 34. Nxc6 Rd1 35. Rxd1 Nxd1+ 36. Kd3 b3 37. Nb4 Rf2 38. Be2 b2 0-1

[Event "Sharjah Masters 2nd"]
[Site "Sharjah"]
[Date "2018.04.12"]
[Round "1"]
[White "Krithigga, K."]
[Black "Firouzja, Alireza"]
[Result "0-1"]
[WhiteElo "2003"]
[BlackElo "2572"]
[PlyCount "50"]
[EventDate "2018.04.12"]
[EventType "swiss"]
[EventRounds "9"]
[EventCountry "UAE"]
[SourceTitle "CBM 184 Extra"]
[Source "ChessBase"]
[SourceDate "2018.06.28"]
[SourceVersion "1"]
[SourceVersionDate "2018.06.28"]
[SourceQuality "1"]

1. c4 e5 2. g3 Nc6 3. Bg2 Bc5 4. Nc3 a6 5. e3 d6 6. Nge2 Ba7 7. 0-0 h5 8. d4 h4 9. a3 hxg3 10. fxg3 Nge7 11. Qd3 Bg4 12. d5 Nb8 13. Ne4 Nd7 14. b4 Bf5 15. Qc3 Bxe4 16. Bxe4 Nf6 17. Bg2 Qd7 18. Bd2 Qg4 19. Nc1 Nf5 20. Qd3 e4 21. Bxe4 Nxe4 22. Rf4 Qd1+ 23. Rf1 Qxd2 24. Qxe4+ Ne7 25. Ra2 Bxe3+ 0-1

[Event "Barcelona Sant Marti op-A 19th"]
[Site "Barcelona"]
[Date "2017.07.21"]
[Round "9.54"]
[White "David, Bogdan Emanuel"]
[Black "Krithigga, K."]
[Result "1-0"]
[WhiteElo "2062"]
[BlackElo "1848"]
[PlyCount "123"]
[EventDate "2017.07.13"]
[EventType "swiss"]
[EventRounds "9"]
[EventCountry "ESP"]
[SourceTitle "EXT 2018"]
[Source "ChessBase"]
[SourceDate "2017.10.13"]
[SourceVersion "1"]
[SourceVersionDate "2017.10.13"]
[SourceQuality "1"]

1. e4 c6 2. d4 d5 3. e5 Bf5 4. Nf3 e6 5. Be2 c5 6. Be3 Nd7 7. Nbd2 Ne7 8. dxc5 Nc6 9. Nb3 Bg6 10. 0-0 Ndxe5 11. Nxe5 Nxe5 12. Bb5+ Nc6 13. Nd4 Rc8 14. c4 Be7 15. Qa4 Qd7 16. cxd5 exd5 17. Nxc6 bxc6 18. Ba6 Rd8 19. Bd4 0-0 20. b4 f5 21. f4 Bf6 22. Bxf6 Rxf6 23. Rae1 Re8 24. Bd3 Rfe6 25. Rxe6 Qxe6 26. Qc2 Qf6 27. Kh1 Re3 28. b5 cxb5 29. c6 Rxd3 30. c7 Rc3 31. c8Q+ Rxc8 32. Qxc8+ Qf8 33. Qd7 Qc5 34. Rd1 Bf7 35. Qxf5 g6 36. Qe5 a5 37. f5 gxf5 38. Qxf5 Qe3 39. Rf1 Qe6 40. Qg5+ Qg6 41. Qd8+ Kg7 42. Qxa5 Qd3 43. Qe1 Qe4 44. Qg3+ Bg6 45. Re1 Qf5 46. h3 Qf6 47. a3 d4 48. Qe5 d3 49. Kg1 Bf7 50. Qxf6+ Kxf6 51. Kf2 Bc4 52. Ke3 Kg5 53. g3 h5 54. Rc1 Be6 55. Rc5+ Kg6 56. Rxb5 Bxh3 57. Rd5 Bf1 58. a4 Kh6 59. a5 Kg6 60. a6 d2 61. Rxd2 Bxa6 62. Rd6+ 1-0

[Event "Barcelona Sant Marti op-A 19th"]
[Site "Barcelona"]
[Date "2017.07.20"]
[Round "8"]
[White "Krithigga, K."]
[Black "Moravich Casais, Juan Santiago"]
[Result "1-0"]
[WhiteElo "1848"]
[BlackElo "2006"]
[PlyCount "91"]
[EventDate "2017.07.13"]
[EventType "swiss"]
[EventRounds "9"]
[EventCountry "ESP"]
[SourceTitle "EXT 2018"]
[Source "ChessBase"]
[SourceDate "2017.10.13"]
[SourceVersion "1"]
[SourceVersionDate "2017.10.13"]
[SourceQuality "1"]

1. c4 Nf6 2. g3 d6 3. Bg2 e5 4. Nc3 Be7 5. Nf3 c6 6. 0-0 0-0 7. d3 Re8 8. Rb1 Bf8 9. Qc2 h6 10. Nh4 Na6 11. a3 d5 12. cxd5 cxd5 13. b4 Be6 14. Bb2 Rc8 15. Qd2 Qd7 16. Nf3 Bh3 17. d4 Bxg2 18. Kxg2 Ne4 19. Nxe4 dxe4 20. Ng1 Rc4 21. e3 Rec8 22. Rfc1 Nb8 23. Rxc4 Rxc4 24. Qe2 Qc6 25. dxe5 Rc2 26. Qd1 Nd7 27. Ne2 Qc8 28. Nd4 Rc4 29. e6 fxe6 30. Nxe6 Nf6 31. Nxf8 Qxf8 32. Bxf6 Qxf6 33. Qd5+ Qf7 34. Rd1 b5 35. Qxf7+ Kxf7 36. Rd7+ Kf6 37. Rxa7 Rc3 38. Ra5 g6 39. Ra6+ Kf7 40. g4 Rd3 41. Kg3 Rd2 42. Rb6 Rd5 43. Kf4 Rd2 44. Kg3 Ra2 45. Rxb5 Rxa3 46. Re5 1-0

[Event "Barcelona Sant Marti op-A 19th"]
[Site "Barcelona"]
[Date "2017.07.18"]
[Round "6"]
[White "Krithigga, K."]
[Black "Meertens, Martin"]
[Result "1/2-1/2"]
[WhiteElo "1848"]
[BlackElo "2123"]
[PlyCount "112"]
[EventDate "2017.07.13"]
[EventType "swiss"]
[EventRounds "9"]
[EventCountry "ESP"]
[SourceTitle "EXT 2018"]
[Source "ChessBase"]
[SourceDate "2017.10.13"]
[SourceVersion "1"]
[SourceVersionDate "2017.10.13"]
[SourceQuality "1"]

1. c4 Nf6 2. g3 e6 3. Bg2 d5 4. Nf3 dxc4 5. Qa4+ Nbd7 6. Qxc4 c5 7. Qc2 Nd5 8. 0-0 b6 9. Nc3 Bb7 10. b3 Be7 11. Bb2 0-0 12. Rad1 Rc8 13. Qb1 Qc7 14. Qa1 Bf6 15. Rc1 Qb8 16. d3 Rfe8 17. Rfd1 h6 18. Nd2 Nxc3 19. Bxc3 Bxg2 20. Kxg2 Bxc3 21. Qxc3 Nf6 22. Nf3 e5 23. Nd2 Rcd8 24. b4 Nd5 25. Qc4 Nxb4 26. a3 Nc6 27. Qg4 Qb7 28. Kg1 Nd4 29. e3 Nc6 30. Ne4 Kh8 31. Qh5 Rf8 32. g4 f6 33. Ng3 Qf7 34. Qh3 Rd7 35. Nf5 Ne7 36. Kh1 Nxf5 37. gxf5 Rfd8 38. Rc3 e4 39. d4 Qa2 40. Qg3 Qe2 41. Rg1 Qb2 42. Rgc1 cxd4 43. exd4 Qd2 44. Rc7 Qxd4 45. Rxd7 Qxd7 46. Rc7 Qd1+ 47. Kg2 Qf3+ 48. Qxf3 exf3+ 49. Kg3 a5 50. Rb7 Rd3 51. a4 Rb3 52. h3 Kh7 53. Kg4 h5+ 54. Kxh5 Rb4 55. h4 Kg8 56. Rxg7+ Kxg7 1/2-1/2

[Event "Voronezh op-A 21st"]
[Site "Voronezh"]
[Date "2017.06.19"]
[Round "7"]
[White "Krithigga, K."]
[Black "Rjabzev, Konstantin"]
[Result "0-1"]
[WhiteElo "1836"]
[BlackElo "2278"]
[PlyCount "68"]
[EventDate "2017.06.12"]
[EventType "swiss"]
[EventRounds "9"]
[EventCountry "RUS"]
[SourceTitle "EXT 2018"]
[Source "ChessBase"]
[SourceDate "2017.10.13"]
[SourceVersion "1"]
[SourceVersionDate "2017.10.13"]
[SourceQuality "1"]

1. c4 e6 2. g3 d5 3. Bg2 c6 4. Nf3 Nf6 5. 0-0 Bd6 6. d4 dxc4 7. Nfd2 0-0 8. Nxc4 Be7 9. Nc3 Nbd7 10. Bf4 Nb6 11. Qd3 Nfd5 12. Nxd5 exd5 13. Nxb6 Qxb6 14. b3 Bf6 15. Rad1 g6 16. f3 Rd8 17. Be3 a5 18. a3 Bf5 19. Qc3 Re8 20. Rd2 c5 21. g4 Bd7 22. g5 Rxe3 23. Qxe3 Bxd4 24. Rxd4 cxd4 25. Qf2 Re8 26. Rd1 Re3 27. f4 Be6 28. a4 Qc5 29. Bf3 b6 30. h4 Bf5 31. h5 d3 32. Kg2 Be4 33. Rd2 dxe2 34. Rxe2 Rxf3 0-1

[Event "Voronezh op-A 21st"]
[Site "Voronezh"]
[Date "2017.06.13"]
[Round "2"]
[White "Krithigga, K."]
[Black "Kozionov, Kirill"]
[Result "0-1"]
[WhiteElo "1836"]
[BlackElo "2437"]
[PlyCount "52"]
[EventDate "2017.06.12"]
[EventType "swiss"]
[EventRounds "9"]
[EventCountry "RUS"]
[SourceTitle "EXT 2018"]
[Source "ChessBase"]
[SourceDate "2017.10.13"]
[SourceVersion "1"]
[SourceVersionDate "2017.10.13"]
[SourceQuality "1"]

1. c4 e5 2. g3 Nf6 3. Bg2 d5 4. cxd5 Nxd5 5. Nf3 Nc6 6. 0-0 Nb6 7. b3 Bd6 8. Bb2 0-0 9. Nc3 Re8 10. d3 Bg4 11. Nd2 Qd7 12. Nc4 Bh3 13. Nxd6 cxd6 14. Rc1 Bxg2 15. Kxg2 Re6 16. Ne4 f5 17. Ng5 Rg6 18. Nf3 f4 19. e3 Nd5 20. e4 fxg3 21. exd5 gxh2+ 22. Kh1 Qh3 23. Nh4 Qxh4 24. f4 Ne7 25. fxe5 Nf5 26. Rxf5 Rg1+ 0-1

[Event "IND-chT 37th"]
[Site "Bhopal"]
[Date "2017.02.05"]
[Round "5.3"]
[White "Krithigga, K."]
[Black "Surendran, N."]
[Result "0-1"]
[WhiteElo "1730"]
[BlackElo "2120"]
[PlyCount "66"]
[EventDate "2017.02.02"]
[EventType "team-swiss"]
[EventRounds "9"]
[EventCountry "IND"]
[SourceTitle "CBM 176 Extra"]
[Source "ChessBase"]
[SourceDate "2017.03.02"]
[SourceVersion "1"]
[SourceVersionDate "2017.03.02"]
[SourceQuality "1"]
[WhiteTeam "Tamil Nadu II"]
[BlackTeam "Viyugam CA"]
[WhiteTeamCountry "IND"]
[BlackTeamCountry "IND"]

1. c4 Nf6 2. g3 e6 3. Bg2 d5 4. Nf3 dxc4 5. Qa4+ Nbd7 6. Qxc4 c5 7. 0-0 Rb8 8. d4 b5 9. Qc2 Bb7 10. Nbd2 Rc8 11. dxc5 Bxc5 12. Qd1 0-0 13. b3 Ng4 14. Bb2 Qb6 15. Qe1 e5 16. Bh3 f5 17. e3 Qh6 18. Bxg4 fxg4 19. Nh4 g5 20. Ng2 Qh3 21. e4 Rc6 22. b4 Rh6 23. Nh4 gxh4 24. Qd1 hxg3 25. Qb3+ Rf7 26. Qxg3 Bxb4 27. Rad1 Qxg3+ 28. fxg3 Bc5+ 29. Kg2 Rxf1 30. Rxf1 Rd6 31. Rd1 Bxe4+ 32. Kf1 Bc2 33. Rc1 Rxd2 0-1

[Event "IND-chT 37th"]
[Site "Bhopal"]
[Date "2017.02.03"]
[Round "2.3"]
[White "Shyam, Sundar M"]
[Black "Krithigga, K."]
[Result "1-0"]
[WhiteElo "2554"]
[BlackElo "1730"]
[PlyCount "87"]
[EventDate "2017.02.02"]
[EventType "team-swiss"]
[EventRounds "9"]
[EventCountry "IND"]
[SourceTitle "CBM 176 Extra"]
[Source "ChessBase"]
[SourceDate "2017.03.02"]
[SourceVersion "1"]
[SourceVersionDate "2017.03.02"]
[SourceQuality "1"]
[WhiteTeam "Airports Authority"]
[BlackTeam "Tamil Nadu II"]
[WhiteTeamCountry "IND"]
[BlackTeamCountry "IND"]

1. e4 c6 2. c4 d5 3. cxd5 cxd5 4. exd5 Qxd5 5. Nc3 Qa5 6. Nf3 a6 7. d4 Nf6 8. Bd3 g6 9. 0-0 Bg7 10. Re1 Qc7 11. Qa4+ Bd7 12. Qa3 0-0 13. d5 e6 14. d6 Qd8 15. Bg5 Bc6 16. Ne5 Nbd7 17. Nxc6 bxc6 18. Be4 Qb6 19. Bf3 Nd5 20. Na4 Qb7 21. Rac1 Rfc8 22. Bh4 Rab8 23. b3 Bh6 24. Rcd1 Qa7 25. Bg3 Bg7 26. Rc1 Bh6 27. Rc4 a5 28. h4 Qa6 29. h5 Ra8 30. hxg6 hxg6 31. Qb2 Bg7 32. Qc2 Qb5 33. Rc1 Nb4 34. Qd2 Nd5 35. Nc5 Nxc5 36. Rxc5 Qb7 37. R1c4 Qd7 38. Rxa5 Bc3 39. Rxc3 Rxa5 40. Rc4 Rca8 41. Qh6 Qd8 42. Be5 f6 43. Qxg6+ Kf8 44. Rh4 1-0